000
00314nam a2200133Ia 4500
005
20251222144909.0
008
251222s9999||||xx |||||||||||||| ||spa||
020
_a
84-8130-097-7
082
_a
818.5/C68
100
_a
Clark, Mary Higgins
245
0
_a
Un Cadáver en el Armario
264
_b
Unidad
942
_c
LIB
999
_c
22263
_d
22263